[Event "29. Schweinfurt Open"]
[Site "Schweinfurt"]
[Date "2019.06.22"]
[Round "5.14"]
[White "Brueckner, Alexander"]
[Black "Markwardt, Sven"]
[Result "1/2-1/2"]
[WhiteElo "1875"]
[BlackElo "1729"]
[PlyCount "31"]
[EventDate "2019.??.??"]
[WhiteTeam "SF Augsburg / SW"]
[BlackTeam "SK Schweinfurt 2000"]

1. e4 e5 2. Nf3 Nf6 3. Nxe5 d6 4. Nf3 Nxe4 5. Nc3 Nxc3 6. dxc3 Be7 7. Bd3 Nc6
8. Be3 Be6 9. Qd2 Qd7 10. O-O-O O-O-O 11. a3 Kb8 12. Nd4 Nxd4 13. Bxd4 Qa4 14.
Kb1 d5 15. Qc1 c5 16. Bxg7 1/2-1/2

[Event "29. Schweinfurt Open"]
[Site "Schweinfurt"]
[Date "2019.06.22"]
[Round "5.15"]
[White "Ley, Reinhard"]
[Black "Heiduk, Christoph"]
[Result "1/2-1/2"]
[WhiteElo "1709"]
[BlackElo "1875"]
[PlyCount "50"]
[EventDate "2019.??.??"]
[WhiteTeam "SV Spr.Siershahn"]
[BlackTeam "SC Bayerwald Regen/Zwiesel"]

1. d4 Nf6 2. Nf3 e6 3. e3 b6 4. Bd3 d5 5. Ne5 Bb7 6. Nd2 Bd6 7. f4 O-O 8. O-O
c5 9. c3 Nc6 10. Ndf3 Rc8 11. Nxc6 Bxc6 12. Ne5 Bb7 13. Rf3 Ne4 14. Rh3 g6 15.
Bxe4 dxe4 16. Qg4 f5 17. Qg3 Bxe5 18. fxe5 Qe7 19. Bd2 c4 20. Rf1 Rf7 21. Be1
Rg7 22. Rh6 Rf8 23. Qh4 Qxh4 24. Bxh4 g5 25. Bg3 Rg6 1/2-1/2

[Event "29. Schweinfurt Open"]
[Site "Schweinfurt"]
[Date "2019.06.22"]
[Round "5.16"]
[White "Memmel, Guenther"]
[Black "Brodt, Andreas"]
[Result "1/2-1/2"]
[WhiteElo "1865"]
[BlackElo "1696"]
[PlyCount "39"]
[EventDate "2019.??.??"]
[WhiteTeam "SK Schweinfurt 2000"]
[BlackTeam "SK Schweinfurt 2000"]

1. d4 Nf6 2. c4 e6 3. Nc3 Bb4 4. Bd2 Nc6 5. Nf3 b6 6. e3 Bb7 7. Bd3 d6 8. a3
Bxc3 9. Bxc3 Ne7 10. Qe2 h6 11. e4 Ng6 12. Bd2 Qe7 13. O-O e5 14. Rfe1 Rd8 15.
Rad1 Bc8 16. h3 O-O 17. b4 Nd7 18. Be3 exd4 19. Nxd4 Nde5 20. Nf5 1/2-1/2

[Event "29. Schweinfurt Open"]
[Site "Schweinfurt"]
[Date "2019.06.22"]
[Round "5.17"]
[White "Braetz, Yannick"]
[Black "Kwossek, Martin"]
[Result "1/2-1/2"]
[WhiteElo "1669"]
[BlackElo "1800"]
[PlyCount "40"]
[EventDate "2019.??.??"]
[WhiteTeam "SK Schweinfurt 2000"]
[BlackTeam "SC Kitzingen"]

1. e4 c5 2. Nc3 e6 3. g3 d5 4. d3 Nc6 5. Bg2 d4 6. Nce2 g6 7. f4 Bg7 8. Nf3
Nge7 9. O-O b6 10. Bd2 Bb7 11. Rb1 Qd7 12. c3 O-O 13. c4 f6 14. a3 Rab8 15. b4
Ba8 16. b5 Nd8 17. Kh1 Nf7 18. Neg1 f5 19. e5 h6 20. Qe2 Qc7 1/2-1/2

[Event "29. Schweinfurt Open"]
[Site "Schweinfurt"]
[Date "2019.06.22"]
[Round "5.18"]
[White "Nicola, Marius"]
[Black "Dosch, Stefan"]
[Result "1-0"]
[WhiteElo "1505"]
[BlackElo "1782"]
[PlyCount "81"]
[EventDate "2019.??.??"]
[WhiteTeam "SK Schweinfurt 2000"]
[BlackTeam "SK Buchen-Walldürn"]

1. e4 e5 2. Nf3 Nc6 3. Bc4 Be7 4. c3 d6 5. Qb3 Nh6 6. d4 Na5 7. Qa4+ c6 8. Be2
b5 9. Qc2 f6 10. a4 Bd7 11. axb5 cxb5 12. Bxh6 gxh6 13. Nbd2 Qb6 14. Nf1 b4 15.
Ne3 Nc6 16. d5 Nd8 17. Nh4 Nf7 18. Nhf5 Rg8 19. O-O Bb5 20. c4 Bd7 21. Bh5 Bf8
22. Qe2 Bg7 23. Bxf7+ Kxf7 24. c5 dxc5 25. Ra6 Qc7 26. Qh5+ Kf8 27. Re6 Re8 28.
d6 Qd8 29. Re7 Be6 30. Nd5 Bh8 31. Qxh6+ Rg7 32. Rxg7 Bxf5 33. Rxh7+ Kg8 34.
Rxh8+ Kf7 35. Qh5+ Bg6 36. Rh7+ Ke6 37. Qxg6 Rf8 38. Qf5+ Kxd6 39. Rd1 Kc6 40.
Qe6+ Kb5 41. Nc3+ 1-0

[Event "29. Schweinfurt Open"]
[Site "Schweinfurt"]
[Date "2019.06.22"]
[Round "5.19"]
[White "Brux, Juergen"]
[Black "Althaus, Lennart"]
[Result "0-1"]
[WhiteElo "1731"]
[BlackElo "1549"]
[PlyCount "64"]
[EventDate "2019.??.??"]
[WhiteTeam "DT Münnerstadt"]
[BlackTeam "TV-Großostheim"]

1. d4 d5 2. c4 c6 3. b3 Nf6 4. Nf3 e6 5. g3 Nbd7 6. Bg2 Be7 7. O-O O-O 8. Bb2
Ne4 9. e3 Ndf6 10. Nc3 Qb6 11. c5 Qa5 12. Qc2 b6 13. Ne5 Bb7 14. Nxe4 dxe4 15.
Nc4 Qb5 16. a4 Qa6 17. b4 Nd5 18. Qb3 b5 19. axb5 Qxb5 20. Bc3 Ba6 21. Na3 Qb7
22. Rfb1 Bd3 23. Rb2 a6 24. Nc4 f6 25. Nd2 Rfb8 26. Nxe4 a5 27. Bd2 axb4 28.
Rxa8 Rxa8 29. Qxd3 b3 30. Qxb3 Ra1+ 31. Bf1 Qa6 32. Qd3 Qxd3 0-1

[Event "29. Schweinfurt Open"]
[Site "Schweinfurt"]
[Date "2019.06.22"]
[Round "5.20"]
[White "Voelker, Joachim"]
[Black "Roth, Ludwig"]
[Result "1-0"]
[WhiteElo "1743"]
[BlackElo "1562"]
[PlyCount "59"]
[EventDate "2019.??.??"]
[WhiteTeam "SK Schweinfurt"]
[BlackTeam "Spvgg Stetten"]

1. e4 e5 2. Nf3 Nc6 3. d4 exd4 4. Nxd4 Nf6 5. Nc3 Bb4 6. Nxc6 bxc6 7. Bd3 O-O
8. O-O d5 9. exd5 cxd5 10. Bg5 c6 11. h3 Be7 12. Qf3 Rb8 13. b3 Be6 14. Rad1
Qd7 15. Ne2 c5 16. c4 d4 17. Ng3 h6 18. Bxf6 Bxf6 19. Nh5 Be5 20. Qe4 g6 21.
Qxe5 gxh5 22. Qf6 Rfc8 23. Qxh6 Bf5 24. Qg5+ Bg6 25. Rfe1 Rb6 26. Re7 Qd8 27.
Rde1 Kg7 28. Bf5 Rc7 29. Rxf7+ Kxf7 30. Bxg6+ 1-0

[Event "29. Schweinfurt Open"]
[Site "Schweinfurt"]
[Date "2019.06.22"]
[Round "5.21"]
[White "Drewes, Thomas"]
[Black "Kiesel, Jannik"]
[Result "1/2-1/2"]
[WhiteElo "1740"]
[BlackElo "1579"]
[PlyCount "113"]
[EventDate "2019.??.??"]
[WhiteTeam "SV Würzburg"]
[BlackTeam "DT Münnerstadt"]

1. d4 f5 2. Nf3 Nf6 3. Bf4 g6 4. e3 Bg7 5. c4 O-O 6. Nc3 d6 7. h3 Qe8 8. Be2
Nbd7 9. Rc1 e5 10. dxe5 dxe5 11. Bg3 e4 12. Nd4 c6 13. Bd6 Rf7 14. c5 Ne5 15.
b4 Bf8 16. Bxe5 Qxe5 17. Bc4 Nd5 18. Nxd5 cxd5 19. Bb3 Bd7 20. O-O Rc8 21. Ne2
Be6 22. Qd4 Bg7 23. Qxe5 Bxe5 24. Rfd1 Rd7 25. Nd4 Bxd4 26. Rxd4 Kf7 27. Rcd1
Rcd8 28. b5 Ke7 29. Kf1 h5 30. a4 Bf7 31. R1d2 Be6 32. Ke2 Kf6 33. h4 Ke7 34.
Kd1 Kf6 35. Kc1 Kf7 36. Kb2 Kf6 37. Kc3 Ke7 38. a5 Bf7 39. Ra4 Be6 40. Kd4 Kf6
41. Ra1 Bf7 42. Rc1 Rc8 43. Rdc2 Be8 44. Ba4 Re7 45. Rb1 Ke6 46. Rb4 Bd7 47.
Bb3 Kf6 48. Bxd5 Rd8 49. Kc3 Bxb5 50. Rd4 Rc8 51. Kb4 Bc6 52. Bb3 Rd7 53. Rcd2
Rcd8 54. Rxd7 Rxd7 55. Rxd7 Bxd7 56. Bd5 Bc6 57. Bc4 1/2-1/2

[Event "29. Schweinfurt Open"]
[Site "Schweinfurt"]
[Date "2019.06.22"]
[Round "5.22"]
[White "Wirth, Reinhard"]
[Black "Roess, Jonas"]
[Result "1-0"]
[WhiteElo "1736"]
[BlackElo "1478"]
[PlyCount "41"]
[EventDate "2019.??.??"]
[WhiteTeam "SC Bergrheinfeld"]
[BlackTeam "SC Knetzgau"]

1. e4 c6 2. d4 d5 3. e5 Bf5 4. Nf3 e6 5. Be2 Nd7 6. O-O c5 7. c4 dxc4 8. Bxc4
a6 9. d5 Nb6 10. dxe6 fxe6 11. Be2 Qc7 12. Be3 Nd7 13. Nc3 Bg4 14. Qa4 Bxf3 15.
Bxf3 Qb8 16. Rfd1 b5 17. Qg4 Ra7 18. Qxe6+ Be7 19. Rxd7 Rxd7 20. Bc6 Qd8 21.
Rd1 1-0

[Event "29. Schweinfurt Open"]
[Site "Schweinfurt"]
[Date "2019.06.22"]
[Round "5.23"]
[White "Wilm, Konrad"]
[Black "Westerhoff, Ralf"]
[Result "1-0"]
[WhiteElo "1735"]
[BlackElo "1487"]
[PlyCount "85"]
[EventDate "2019.??.??"]
[WhiteTeam "SK Arnstein"]
[BlackTeam "SV Kaponier Vechta"]

1. e4 c5 2. Nf3 Nc6 3. Bc4 e6 4. O-O g6 5. c3 Bg7 6. d3 Nge7 7. Bb3 O-O 8. Be3
b6 9. h3 Bb7 10. Nbd2 d5 11. exd5 Nxd5 12. Ne4 Qc7 13. Bg5 Ne5 14. Nxe5 Qxe5
15. Re1 Kh8 16. Qc1 Qc7 17. Bh6 Qc6 18. Bxg7+ Kxg7 19. f3 Rad8 20. Nf2 Ne7 21.
Ng4 Nf5 22. Qc2 b5 23. Qe2 Qd6 24. Rad1 Qg3 25. Qf2 Qf4 26. Qxc5 Rd5 27. Bxd5
Bxd5 28. Qf2 h5 29. Ne3 Bxa2 30. Nxf5+ Qxf5 31. Qxa7 Bd5 32. Qd4+ f6 33. c4
bxc4 34. dxc4 Bb7 35. Qd7+ Rf7 36. Qxe6 Qg5 37. Qe3 Qg3 38. b4 g5 39. Re2 Kg6
40. b5 Qc7 41. c5 Bc8 42. b6 Qc6 43. Qe4+ 1-0

[Event "29. Schweinfurt Open"]
[Site "Schweinfurt"]
[Date "2019.06.22"]
[Round "5.24"]
[White "Koehler, Michael"]
[Black "Cebulla, Martin"]
[Result "1-0"]
[WhiteElo "1625"]
[BlackElo "1716"]
[PlyCount "51"]
[EventDate "2019.??.??"]
[WhiteTeam "SC Prichsenstadt"]
[BlackTeam "SV Würzburg"]

1. d4 Nf6 2. c4 e6 3. Nf3 d5 4. g3 Bb4+ 5. Bd2 Bxd2+ 6. Nbxd2 O-O 7. Bg2 dxc4
8. Nxc4 Nbd7 9. O-O Qe7 10. Re1 c5 11. Qc2 cxd4 12. Nxd4 Rd8 13. Rad1 Qc5 14.
Nb3 Qc7 15. Qd3 Rb8 16. Nca5 Nd5 17. Rc1 Qe5 18. Nc4 Qh5 19. Nba5 Ne5 20. Nxe5
Qxe5 21. e4 Qf6 22. exd5 Rd6 23. Nc4 Ra6 24. d6 Bd7 25. Ne5 Bc6 26. Nxc6 1-0

[Event "29. Schweinfurt Open"]
[Site "Schweinfurt"]
[Date "2019.06.22"]
[Round "5.25"]
[White "Reichert, Claudia"]
[Black "Mirring, Patrick"]
[Result "1/2-1/2"]
[WhiteElo "1682"]
[BlackElo "1430"]
[PlyCount "52"]
[EventDate "2019.??.??"]
[WhiteTeam "DT Münnerstadt"]
[BlackTeam "SK Arnstein"]

1. d4 d5 2. Bf4 Nf6 3. e3 Bf5 4. Bd3 Bxd3 5. Qxd3 e6 6. Nf3 Nbd7 7. O-O Be7 8.
c4 c5 9. Nc3 cxd4 10. exd4 O-O 11. cxd5 Nxd5 12. Nxd5 exd5 13. Rfe1 Bf6 14. Ne5
Nb6 15. Rac1 Rc8 16. Qa3 Ra8 17. b3 Re8 18. Qa5 g5 19. Bg3 h5 20. h3 h4 21. Bh2
Kg7 22. Qd2 Rc8 23. Qe2 Rxc1 24. Rxc1 Nd7 25. f4 Bxe5 26. fxe5 Re6 1/2-1/2

[Event "29. Schweinfurt Open"]
[Site "Schweinfurt"]
[Date "2019.06.22"]
[Round "5.26"]
[White "Senft, Katharina"]
[Black "Maar, Felicitas"]
[Result "1-0"]
[WhiteElo "1503"]
[BlackElo "1609"]
[PlyCount "49"]
[EventDate "2019.??.??"]
[WhiteTeam "SK Arnstein"]
[BlackTeam "Mündener SC"]

1. e4 e5 2. f4 exf4 3. Nf3 Nc6 4. Bc4 d6 5. d4 Bg4 6. O-O Qe7 7. Nc3 Nf6 8. Bb5
Bd7 9. Re1 O-O-O 10. Bxf4 Bg4 11. Bxc6 bxc6 12. Qe2 Kb7 13. Qe3 h6 14. a4 Rb8
15. b4 Bd7 16. Qd3 a6 17. d5 Qe8 18. Nd4 g5 19. Bg3 Bg7 20. b5 axb5 21. axb5
cxb5 22. Ncxb5 Ra8 23. Rab1 Kc8 24. Qc4 Qd8 25. Nxd6# 1-0

[Event "29. Schweinfurt Open"]
[Site "Schweinfurt"]
[Date "2019.06.22"]
[Round "5.27"]
[White "Lee, Kwan Ho"]
[Black "Maar, Patricia"]
[Result "1-0"]
[WhiteElo "1553"]
[BlackElo "1446"]
[PlyCount "119"]
[EventDate "2019.??.??"]
[WhiteTeam "SV Hockenheim"]
[BlackTeam "Mündener SC"]

1. d4 Nf6 2. c4 g6 3. Nf3 Bg7 4. g3 d6 5. Bg2 O-O 6. O-O c6 7. Nc3 d5 8. cxd5
Nxd5 9. e4 Nxc3 10. bxc3 Nd7 11. Qb3 Qb6 12. Bg5 Re8 13. e5 e6 14. Nd2 Qxb3 15.
axb3 f6 16. exf6 Bxf6 17. Bxf6 Nxf6 18. Bh3 a6 19. Rfe1 Bd7 20. Nc4 Re7 21. Nb6
Rae8 22. Re5 Kf7 23. Rae1 c5 24. Nc4 Kg7 25. Nd6 Rb8 26. dxc5 Nd5 27. c4 Nc7
28. Bg2 Bc6 29. b4 Kf6 30. f4 Ne8 31. g4 Nxd6 32. cxd6 Ree8 33. Bxc6 bxc6 34.
g5+ Kf7 35. Rb1 Red8 36. c5 Rb5 37. Re4 Rdb8 38. Rbe1 Rxb4 39. Rxe6 R8b7 40.
Rf6+ Kg7 41. Re7+ Rxe7 42. dxe7 Rb8 43. Rxc6 Re8 44. Rb6 Kf7 45. c6 Kxe7 46.
Rxa6 Kd6 47. c7+ Kxc7 48. Ra7+ Kd8 49. Rxh7 Rf8 50. Rh4 Ke7 51. Kg2 Ke6 52. Kf3
Kf5 53. Rh7 Ke6 54. h4 Rf7 55. Rh8 Ke7 56. Kg4 Rf8 57. Rxf8 Kxf8 58. f5 gxf5+
59. Kxf5 Kf7 60. h5 1-0

[Event "29. Schweinfurt Open"]
[Site "Schweinfurt"]
[Date "2019.06.22"]
[Round "5.28"]
[White "Leichum, Engelbert"]
[Black "Ankenbrand, Franz"]
[Result "0-1"]
[WhiteElo "1601"]
[BlackElo "1360"]
[PlyCount "86"]
[EventDate "2019.??.??"]
[WhiteTeam "(vls) Frankfurt"]
[BlackTeam "SF Zeiler Turm"]

1. e4 b6 2. Bc4 Bb7 3. Nc3 e6 4. d4 d6 5. Nf3 Nf6 6. Qd3 Nbd7 7. O-O c5 8. d5
e5 9. Ne2 a6 10. a4 g6 11. Ng3 Bg7 12. Bg5 h6 13. Bh4 Qc8 14. h3 a5 15. Bb5 Ba6
16. c4 Bxb5 17. axb5 g5 18. Nf5 Bf8 19. Bg3 Nh5 20. Nh2 Ndf6 21. Qe2 Ng7 22.
Ne3 Nxe4 23. Neg4 Nxg3 24. Nf6+ Kd8 25. fxg3 Ra7 26. Nhg4 h5 27. Ne3 Re7 28.
Ne4 g4 29. h4 Qc7 30. Rf2 Ne8 31. Raf1 Bh6 32. Nf5 Rd7 33. Nxh6 Rxh6 34. Qe3
Rg6 35. Ng5 Rg7 36. Rxf7 Kc8 37. Ne6 Qb7 38. Nxg7 Rxf7 39. Nxe8 Rxf1+ 40. Kxf1
Qf7+ 41. Ke2 Qxe8 42. Qh6 Kd7 43. Qxh5 Qxh5 0-1

[Event "29. Schweinfurt Open"]
[Site "Schweinfurt"]
[Date "2019.06.22"]
[Round "5.29"]
[White "Loew, Leonid"]
[Black "Buld, Lukas"]
[Result "1-0"]
[WhiteElo "1360"]
[BlackElo "1227"]
[PlyCount "99"]
[EventDate "2019.??.??"]
[WhiteTeam "Allersberger SC"]
[BlackTeam "SC Knetzgau"]

1. e4 e5 2. Nf3 Nc6 3. Bc4 Bc5 4. c3 Nf6 5. d3 O-O 6. Bg5 h6 7. Bh4 d6 8. h3 a6
9. a4 Qe7 10. b4 Ba7 11. Nbd2 Be6 12. O-O g5 13. Bg3 d5 14. exd5 Bxd5 15. Re1
Qd7 16. Nxe5 Nxe5 17. Bxe5 Kg7 18. Qh5 Rh8 19. Bxf6+ Kxf6 20. Ne4+ Kg7 21. Qf3
f5 22. Bxd5 Qxd5 23. Nxg5 Qxf3 24. Nxf3 Rad8 25. d4 Kf6 26. Re5 c6 27. Rae1 Rd6
28. Nh4 Rd5 29. Rxd5 cxd5 30. Re5 Rc8 31. Rxf5+ Kg7 32. Rf3 Bb8 33. g3 Rc4 34.
Re3 Bc7 35. Nf5+ Kf6 36. Ne7 Kg7 37. Nxd5 Bd8 38. f4 a5 39. Kf2 axb4 40. Nxb4
Ba5 41. Nd5 Rxa4 42. Re7+ Kf8 43. Rxb7 Rc4 44. Rb3 Kf7 45. f5 Rc6 46. Kf3 Rd6
47. Ke4 Ke8 48. Ke5 Kd7 49. Ra3 Bc7 50. Nxc7 1-0

[Event "29. Schweinfurt Open"]
[Site "Schweinfurt"]
[Date "2019.06.22"]
[Round "5.30"]
[White "Neuhoff, Laertes"]
[Black "Alekhin, Evgenii"]
[Result "1-0"]
[WhiteElo "1424"]
[BlackElo "1051"]
[PlyCount "79"]
[EventDate "2019.??.??"]
[WhiteTeam "SG Leipzig"]
[BlackTeam "SK Schweinfurt 2000"]

1. d4 d6 2. c4 c6 3. e4 g6 4. Nf3 Bg7 5. g3 Bg4 6. Be3 Nf6 7. Nc3 Na6 8. a3 Qb6
9. Rb1 Qa5 10. b4 Qxa3 11. Rb3 Bxf3 12. Rxa3 Bxd1 13. Kxd1 Nxb4 14. Rb3 a5 15.
d5 c5 16. Nb5 O-O 17. e5 a4 18. Rb1 dxe5 19. Bxc5 Ne4 20. Bxb4 Nxf2+ 21. Ke2
Nxh1 22. Bxe7 Rfc8 23. Rc1 Re8 24. Nc7 Bh6 25. Ra1 Rxe7 26. Nxa8 e4 27. Bg2
Nxg3+ 28. hxg3 e3 29. Nb6 Re5 30. d6 Rf5 31. Rf1 a3 32. Bf3 a2 33. Nd5 Kf8 34.
d7 Bg5 35. Ra1 Bd8 36. Rxa2 Bg5 37. Ra8+ Kg7 38. d8=Q Bxd8 39. Rxd8 Re5 40. Rd7
1-0

[Event "29. Schweinfurt Open"]
[Site "Schweinfurt"]
[Date "2019.06.22"]
[Round "5.31"]
[White "Roth, Claudia"]
[Black "Memmel, Stefan"]
[Result "1-0"]
[WhiteElo "1052"]
[BlackElo "1365"]
[PlyCount "100"]
[EventDate "2019.??.??"]
[WhiteTeam "Spvgg Stetten"]
[BlackTeam "SK Schweinfurt 2000"]

1. e4 e5 2. Nf3 Nc6 3. d4 exd4 4. Nxd4 Qe7 5. Nc3 Nf6 6. Nxc6 dxc6 7. Bd3 Be6
8. Bg5 h6 9. Bh4 g5 10. Bg3 O-O-O 11. O-O Bg7 12. h3 Nd7 13. Qf3 Bxc3 14. bxc3
Nb6 15. Be5 Qe8 16. Bxh8 Qxh8 17. Be2 Qe5 18. Rfd1 Rd6 19. a4 Nd7 20. Qe3 f5
21. Rxd6 cxd6 22. f3 fxe4 23. fxe4 Bf5 24. Bd3 Nc5 25. Ra3 Bxe4 26. Bxe4 Qxe4
27. Qxe4 Nxe4 28. c4 Nc5 29. a5 Nd7 30. a6 b6 31. Rf3 Ne5 32. Rf8+ Kc7 33. Rf6
Nxc4 34. Rxh6 Ne3 35. c3 g4 36. h4 Nf5 37. Rh7+ Kb8 38. Rh8+ Kc7 39. h5 b5 40.
Rg8 g3 41. Rg5 Nh6 42. Rxg3 Kb6 43. Rg6 Nf5 44. g4 Nh4 45. Rxd6 Nf3+ 46. Kf2
Ne5 47. g5 Kxa6 48. g6 Ng4+ 49. Kg3 Nh6 50. Rxc6+ Kb7 1-0

[Event "29. Schweinfurt Open"]
[Site "Schweinfurt"]
[Date "2019.06.23"]
[Round "6.1"]
[White "Peschel, Andreas"]
[Black "Minor, Viatcheslav"]
[Result "1/2-1/2"]
[WhiteElo "2170"]
[BlackElo "2032"]
[PlyCount "79"]
[EventDate "2019.??.??"]
[WhiteTeam "SG Solingen"]
[BlackTeam "SV Eisenach"]

1. Nf3 Nf6 2. g3 g6 3. b3 Bg7 4. Bb2 d5 5. Bg2 O-O 6. O-O Nbd7 7. c4 e6 8. Qc2
Re8 9. d3 c6 10. Nbd2 a6 11. Rfc1 Ng4 12. Bxg7 Kxg7 13. e3 Qe7 14. Rab1 Kg8 15.
b4 Nge5 16. Qc3 Nxf3+ 17. Bxf3 Qf6 18. Qxf6 Nxf6 19. Nb3 dxc4 20. dxc4 e5 21.
Na5 Re7 22. Rd1 Bf5 23. Rb2 Rae8 24. Rd6 Ne4 25. Bxe4 Bxe4 26. Rbd2 Rc7 27. Rd7
Re7 28. Rxc7 Rxc7 29. Rd8+ Kg7 30. c5 Bd5 31. a3 Be6 32. f3 Kf6 33. Kf2 h5 34.
Rb8 Rd7 35. Ke2 e4 36. Rxb7 exf3+ 37. Kxf3 Bg4+ 38. Ke4 Bf5+ 39. Kf3 Bg4+ 40.
Ke4 1/2-1/2

[Event "29. Schweinfurt Open"]
[Site "Schweinfurt"]
[Date "2019.06.23"]
[Round "6.2"]
[White "Bussard, Christian"]
[Black "Maar, Samuel"]
[Result "1-0"]
[WhiteElo "2285"]
[BlackElo "1966"]
[PlyCount "135"]
[EventDate "2019.??.??"]
[WhiteTeam "SG Niederkassel"]
[BlackTeam "Sfr. Bad Emstal/Wolfhagen"]

1. d4 Nf6 2. Bg5 e6 3. e4 Be7 4. e5 Nd5 5. Bxe7 Nxe7 6. c3 d6 7. Nf3 Ng6 8. h4
h5 9. Bb5+ c6 10. Bd3 Nf4 11. Bf1 dxe5 12. Nxe5 Nd7 13. Nxd7 Bxd7 14. g3 Nd5
15. Nd2 Qc7 16. Be2 g6 17. Ne4 O-O-O 18. c4 Ne7 19. c5 Be8 20. Nd6+ Kb8 21. Qd2
Nc8 22. Nc4 f6 23. Qc3 Bf7 24. O-O-O Rhe8 25. Rhe1 Qe7 26. Bf1 e5 27. Bh3 Bxc4
28. Qxc4 e4 29. Re3 f5 30. Kb1 Qf6 31. Rb3 Rd7 32. a4 Red8 33. Qb4 Qg7 34. Qa5
Rd5 35. Bf1 b6 36. Qc3 Rxd4 37. Rc1 Qd7 38. cxb6 axb6 39. a5 Rd1 40. axb6 Rxc1+
41. Qxc1 Qd1 42. Rc3 Qxc1+ 43. Kxc1 Kb7 44. Bc4 Nxb6 45. Bf7 Rd6 46. Rb3 Kc7
47. Ra3 Nd7 48. Ra7+ Kd8 49. Bc4 Ne5 50. Be2 Rd7 51. Rxd7+ Kxd7 52. Kd2 Kd6 53.
Ke3 Kd5 54. Kf4 Kd4 55. Kg5 c5 56. b3 Kc3 57. Kf6 Kd2 58. Bxh5 Ng4+ 59. Bxg4
fxg4 60. Kxg6 Ke2 61. Kf5 Kxf2 62. Kxe4 Kxg3 63. h5 Kf2 64. h6 g3 65. h7 g2 66.
h8=Q g1=Q 67. Qb2+ Kg3 68. Qg7+ 1-0

[Event "29. Schweinfurt Open"]
[Site "Schweinfurt"]
[Date "2019.06.23"]
[Round "6.3"]
[White "Wiener, Horst"]
[Black "Weise, Martin"]
[Result "0-1"]
[WhiteElo "1943"]
[BlackElo "2122"]
[PlyCount "83"]
[EventDate "2019.??.??"]
[WhiteTeam "SK Schweinfurt 2000"]
[BlackTeam "SC Fulda"]

1. d4 d5 2. Nf3 Nc6 3. Bf4 Bg4 4. e3 e6 5. Nbd2 Bd6 6. Bg3 Nf6 7. Be2 O-O 8. c3
a6 9. O-O Bxg3 10. hxg3 Qd6 11. Qc2 e5 12. dxe5 Nxe5 13. Nd4 Bxe2 14. Nxe2 Rfe8
15. Nf4 c5 16. Rad1 Qc6 17. Nf3 Neg4 18. Qf5 g6 19. Qd3 Ne5 20. Nxe5 Rxe5 21.
c4 dxc4 22. Qxc4 b5 23. Qc3 Ree8 24. b4 Ne4 25. Qc2 c4 26. Nd5 Nf6 27. Nxf6+
Qxf6 28. Rd4 Rad8 29. Rfd1 Rxd4 30. Rxd4 Rd8 31. Qd2 Rxd4 32. exd4 Kf8 33. f3
Ke7 34. Kf2 Kd6 35. Qe3 h5 36. Qe4 Qg5 37. Qe2 h4 38. gxh4 Qxh4+ 39. Ke3 Qe7+
40. Kd2 Qxe2+ 41. Kxe2 Kd5 42. Ke3 0-1

[Event "29. Schweinfurt Open"]
[Site "Schweinfurt"]
[Date "2019.06.23"]
[Round "6.4"]
[White "Kornitzky, Tino"]
[Black "Roth, Jakob"]
[Result "1-0"]
[WhiteElo "2098"]
[BlackElo "1888"]
[PlyCount "61"]
[EventDate "2019.??.??"]
[WhiteTeam "FC Bayern München"]
[BlackTeam "Spvgg Stetten"]

1. d4 d5 2. c4 c6 3. cxd5 cxd5 4. Bf4 Nc6 5. e3 Nf6 6. Nc3 e6 7. Bd3 Bd6 8.
Bxd6 Qxd6 9. f4 Bd7 10. Nf3 Rc8 11. O-O Na5 12. Ne5 Nc4 13. Qe2 Qb4 14. a3 Qb3
15. Bxc4 dxc4 16. g4 Rc7 17. g5 Nd5 18. Nxd5 exd5 19. e4 dxe4 20. f5 O-O 21. g6
fxg6 22. fxg6 Bf5 23. gxh7+ Bxh7 24. Rxf8+ Kxf8 25. Rf1+ Kg8 26. Qf2 Rc8 27.
Qf7+ Kh8 28. Qe6 Qe3+ 29. Kh1 Ra8 30. Nf7+ Kg8 31. Nd8+ 1-0

[Event "29. Schweinfurt Open"]
[Site "Schweinfurt"]
[Date "2019.06.23"]
[Round "6.5"]
[White "Krenz, Dieter"]
[Black "Kuhn, Norbert"]
[Result "1-0"]
[WhiteElo "1927"]
[BlackElo "2045"]
[PlyCount "85"]
[EventDate "2019.??.??"]
[WhiteTeam "SC Prichsenstadt"]
[BlackTeam "SV Würzburg"]

1. d4 d5 2. Nf3 Nf6 3. Bg5 e6 4. e3 c5 5. c3 Nbd7 6. Bd3 Qc7 7. Nbd2 Be7 8. Rc1
O-O 9. O-O b6 10. Bb1 Bb7 11. Qc2 Rfe8 12. Ne5 Nf8 13. f4 Ne4 14. Bxe7 Rxe7 15.
Rf3 f6 16. Nd3 f5 17. Rh3 Rc8 18. Ne5 b5 19. Qd1 Qb6 20. Bxe4 dxe4 21. dxc5
Qxc5 22. Nb3 Qb6 23. Nd4 g6 24. g4 Rd8 25. gxf5 exf5 26. Qe2 Nd7 27. Nxd7 Rexd7
28. Rg3 Kf7 29. h4 a6 30. Kf2 Bd5 31. b3 Qf6 32. Rh1 h5 33. Rg5 Kf8 34. Rhg1
Bf7 35. Rc1 Rc8 36. Kg3 Qb6 37. Kh3 Rdc7 38. Qb2 Rd8 39. Rg2 Qc5 40. Rxg6 Bxg6
41. Ne6+ Ke7 42. Nxc5 Rxc5 43. Qa3 1-0

[Event "29. Schweinfurt Open"]
[Site "Schweinfurt"]
[Date "2019.06.23"]
[Round "6.6"]
[White "Hasselbacher, Uwe"]
[Black "Stadler, Andreas"]
[Result "0-1"]
[WhiteElo "1766"]
[BlackElo "2025"]
[PlyCount "88"]
[EventDate "2019.??.??"]
[WhiteTeam "SC Fulda"]
[BlackTeam "SK München Südost"]

1. Nf3 Nf6 2. c4 e6 3. g3 b6 4. Bg2 Bb7 5. d4 c5 6. e3 Be7 7. O-O O-O 8. Nc3 d5
9. b3 Nbd7 10. Bb2 Rc8 11. Nd2 cxd4 12. exd4 Ba6 13. Qe2 Nb8 14. Nb5 Bxb5 15.
cxb5 Rc2 16. Rab1 Bb4 17. Rfd1 Qd7 18. a4 Rfc8 19. Qd3 R2c7 20. Nf1 Qd8 21. Ne3
Nbd7 22. f4 g6 23. Rf1 Qe7 24. Rbc1 Ba3 25. Rxc7 Rxc7 26. Bc3 Bb4 27. Bb2 Ne8
28. g4 f5 29. gxf5 gxf5 30. Rf3 Ndf6 31. Rg3+ Ng7 32. Bf3 Bd6 33. Ng2 Kf8 34.
Bd1 Ne4 35. Rf3 Ne8 36. Qe2 N8f6 37. Rh3 Qg7 38. Kf1 Ng4 39. Bc2 Bb4 40. Bc1
Qxd4 41. Ne3 Nxe3+ 42. Bxe3 Qa1+ 43. Kg2 Rg7+ 44. Kf3 Qh1+ 0-1

[Event "29. Schweinfurt Open"]
[Site "Schweinfurt"]
[Date "2019.06.23"]
[Round "6.7"]
[White "Milovanovic, Milos"]
[Black "Langguth, Rolf"]
[Result "1-0"]
[WhiteElo "2025"]
[BlackElo "1927"]
[PlyCount "65"]
[EventDate "2019.??.??"]
[WhiteTeam "SF Gottmadingen"]
[BlackTeam "SK Schweinfurt 2000"]

1. e4 c5 2. Nf3 e6 3. d4 cxd4 4. Nxd4 a6 5. Nc3 d6 6. Be3 Nd7 7. f4 Qc7 8. Qf3
Ngf6 9. g4 e5 10. Nf5 exf4 11. Bxf4 Ne5 12. Bxe5 dxe5 13. g5 Bxf5 14. exf5 Nd7
15. O-O-O Rc8 16. Bg2 Bb4 17. Qxb7 Bxc3 18. bxc3 Nc5 19. Qxc7 Rxc7 20. Rhe1 f6
21. gxf6 gxf6 22. Rg1 O-O 23. Rd6 Kh8 24. Bd5 a5 25. Rxf6 Rfc8 26. Rf7 Rxf7 27.
Bxf7 Ne4 28. Be6 Rd8 29. c4 Nc3 30. Kb2 Na4+ 31. Ka3 Nc5 32. Bd5 Re8 33. f6 1-0

[Event "29. Schweinfurt Open"]
[Site "Schweinfurt"]
[Date "2019.06.23"]
[Round "6.8"]
[White "Reinl, Fred"]
[Black "Schmitz, Wolfgang"]
[Result "0-1"]
[WhiteElo "1961"]
[BlackElo "2017"]
[PlyCount "82"]
[EventDate "2019.??.??"]
[WhiteTeam "SK Schweinfurt 2000"]
[BlackTeam "SC Prichsenstadt"]

1. e4 e5 2. Nf3 d6 3. d4 exd4 4. Nxd4 Nf6 5. Nc3 Be7 6. Bd3 Nc6 7. Nxc6 bxc6 8.
O-O O-O 9. Re1 Re8 10. Qf3 Ng4 11. Bf4 Bf6 12. Nd1 Ne5 13. Bxe5 Bxe5 14. g3 Be6
15. c3 Rb8 16. Qe3 d5 17. f4 d4 18. Qf3 dxc3 19. bxc3 Bxc3 20. Nxc3 Qd4+ 21.
Kg2 Qxc3 22. Rad1 Rb2+ 23. Kh1 g6 24. Qe3 Rxa2 25. Rc1 Qd2 26. Re2 Qxe3 27.
Rxe3 Rd8 28. Re2 Rxd3 29. Rxa2 Bxa2 30. Rxc6 f5 31. Ra6 Rd2 32. exf5 Bd5+ 33.
Kg1 Rg2+ 34. Kf1 Bc4+ 35. Kxg2 Bxa6 36. fxg6 hxg6 37. Kf3 Bc8 38. g4 Bxg4+ 39.
Kxg4 a5 40. f5 gxf5+ 41. Kxf5 a4 0-1

[Event "29. Schweinfurt Open"]
[Site "Schweinfurt"]
[Date "2019.06.23"]
[Round "6.9"]
[White "Helm, Timo"]
[Black "Eichenauer, Pascal"]
[Result "0-1"]
[WhiteElo "2109"]
[BlackElo "1822"]
[PlyCount "72"]
[EventDate "2019.??.??"]
[WhiteTeam "SC Bad Königshofen / NES"]
[BlackTeam "SV Würzburg"]

1. f4 e5 2. e4 exf4 3. Bc4 Nf6 4. Nc3 c6 5. d3 d5 6. exd5 cxd5 7. Bb5+ Nc6 8.
Bxf4 d4 9. Bxc6+ bxc6 10. Qe2+ Be6 11. Ne4 Nd5 12. Bd2 Qb6 13. Nf3 Be7 14. O-O
h6 15. Qf2 Ne3 16. Nxd4 Nxf1 17. Rxf1 Bd5 18. Be3 Qxb2 19. Nf5 Bxe4 20. Bd4 Bc5
21. Nd6+ Kd7 22. Bxc5 Bd5 23. Nxf7 Rhe8 24. Qf5+ Re6 25. d4 Rae8 26. Qg4 g5 27.
Ne5+ Kc8 28. c4 h5 29. Qxg5 Rxe5 30. dxe5 Rg8 31. Qf5+ Kb8 32. Rb1 Rxg2+ 33.
Kf1 Bxc4+ 34. Ke1 Re2+ 35. Kd1 Bb3+ 36. axb3 Qd2# 0-1